|
|
|
|
| LEADER |
00801nab a2200145 i 4500 |
| 001 |
delm51701 |
| 005 |
20180927134759.0 |
| 008 |
180927s1947 hu o 0|| hun d |
| 040 |
|
|
|a SZTE Délmagyarország Archívum
|b hun
|
| 041 |
|
|
|a hun
|
| 245 |
0 |
2 |
|a A délvidéki cipésziparosok vasárnap nagygyűlésen tiltakoztak a talpalási utalványok bevezetése ellen
|h [elektronikus dokumentum] :
|b nem engedjük, hogy az Ár- és Anyaghivatal a világhírű magyar kisiparost foltozó vargává tegye! — az Ár- és Anyaghivatal a bőrgyárosok ós nagykereskedők érdekeit védi a kisiparossággal szemben - kisiparosokat az Ár- és Anyaghivatal vezetőségébe!
|
| 260 |
|
|
|c 1947-05-06
|
| 300 |
|
|
|a 4
|
| 490 |
0 |
|
|a Délmagyarország
|
| 695 |
|
|
|a Szögi Zoltán, Alapanyag-ellátás cipőipar, Kisiparosok helyzete Szeged
|